000 00309nam a22001217a 4500
082 _a342
_bWHE
100 _aWheare, K. C.
245 _aModern constitutions /
_cK. C. Wheare
260 _aLondon :
_bOxford University Press,
_c1967.
300 _a150 p. ;
_c21 cm.
563 _aHB.
942 _2ddc
_cBK
999 _c616244
_d616244